Local area networking with Novell software /

Local area networking. Network topology, standards, protocols, and media. Operating systems. The file server. The LAN workstation. Setting up the file server. Application software...

Zapisane w:
Opis bibliograficzny
1. autor: Rains, Alvin L., 1948-
Kolejni autorzy: Palmer, Michael J.
Format: Książka
Język:English
Wydane: Danvers, Mass. : Boyd & Fraser, 1994.
Wydanie:2nd ed.
Hasła przedmiotowe:
Etykiety: Dodaj etykietę
Nie ma etykietki, Dołącz pierwszą etykiete!
Thư viện lưu trữ: Mạng thư viện Đại học Đà Nẵng
LEADER 01226cam a2200397 i 4500
001 000049467
003 9213
005 20030305110432.0
008 010322|1994 vm 000 eng
020 |a 0877090416 
040 |a IRC  |c IRC  |d IRC 
041 0 |a eng 
082 1 4 |a 004.68  |b RA-A 
100 1 |a Rains, Alvin L.,  |d 1948- 
245 0 0 |a Local area networking with Novell software /  |c Alvin L. Rains, Michael J. Palmer. 
250 |a 2nd ed. 
260 |a Danvers, Mass. :  |b Boyd & Fraser,  |c 1994. 
300 |a 393 p. :  |b ill. ;  |c 23.3cm. 
520 3 |a Local area networking. Network topology, standards, protocols, and media. Operating systems. The file server. The LAN workstation. Setting up the file server. Application software... 
630 0 4 |a NetWare. 
630 0 4 |a Computer network. 
630 0 4 |a Local area networks. 
630 0 4 |a Novell software. 
650 0 4 |a NetWare. 
650 0 4 |a Local area networks (Computer networks) 
700 1 |a Palmer, Michael J. 
OWN |a DUT 
999 |a From the UDN01 
TYP |a Monograph 
TYP |a Printed language 
980 |a Mạng thư viện Đại học Đà Nẵng